E.V.Č.A.... - anglická verze /
Are you in pain? Do you feel tired? Are you overstrained? Try my solution: on your sofa, at work or when traveling. “A very interesting piece of exercise, after which you are able to get into mental and physical wellbeing in a short period of time. I use this exercise regu...
Uloženo v:
| Hlavní autor: | |
|---|---|
| Médium: | E-kniha |
| Jazyk: | Czech |
| Vydáno: |
Praha :
Plot,
2018
|
| Tagy: |
Žádné tagy |
| LEADER | 01670nam a22002297i 4500 | ||
|---|---|---|---|
| 001 | 310984 | ||
| 007 | ta | ||
| 008 | 260601s2018 xr ||||| |||| 00| 0 cze d | ||
| 020 | |a 9788074283475 | ||
| 044 | |a xr | ||
| 100 | 1 | |a Vorlová, Wanda |4 aut | |
| 245 | 1 | 0 | |a E.V.Č.A.... - anglická verze / |c Vorlová, Wanda |
| 264 | 1 | |a Praha : |b Plot, |c 2018 | |
| 300 | |a 1 online zdroj (64 stran) | ||
| 336 | |a text |b txt |2 rdacontent | ||
| 337 | |a bez média |b n |2 rdamedia | ||
| 338 | |a online zdroj |b cr |2 rdacarrier | ||
| 520 | 2 | |a Are you in pain? Do you feel tired? Are you overstrained? Try my solution: on your sofa, at work or when traveling. “A very interesting piece of exercise, after which you are able to get into mental and physical wellbeing in a short period of time. I use this exercise regularly as a relaxation and compensatory exercise.”Dalibor “Dála” Kupka – coach of Olympic champions in athletics“E.V.Č.A .... helps me with my backache and provides me with fantastic relaxation.”MUDr. Martina Kordová – BerounNINJA – even though it is for me personally the most demanding position, calmed down my golf swing and taught me to concentrate more on important goals.” Adam Křikava – GOLF.cz, PIVNÍMOZAIKA.cz | |
| 910 | |a RBIT002 | ||
| 998 | |d 180921 |a https://core.palmknihy.cz/api/books/180921/cover?pj5noe |b https://core.palmknihy.cz/api/books/180921/cover/400?pj5noe |c https://core.palmknihy.cz/api/books/180921/cover/50?pj5noe |e 2028-11-27 |g 64 |i 9788074283475 |j https://core.palmknihy.cz/api/books/180921/preview.epub |l |q 49 |r 1 |s https://www.palmknihy.cz/kniha/180921 |t ebook |y 2018 |z 1 | ||
| 999 | |d 310982 | ||